[Event "Match 82__120'/40"]
[Site "Zürich"]
[Date "2025.??.??"]
[Round "37"]
[White "Scorpio 68000 sel. 4"]
[Black "Mephisto Explorer Pro"]
[Result "1/2-1/2"]
[Annotator "21-16 for Explorer"]
[WhiteElo "2043"]
[BlackElo "2016"]
[WhiteFideId "-1"]
[BlackFideId "-1"]
[PlyCount "85"]
[GameId "545686508829"]
[EventDate "2025.10.05"]
[EventType "match"]
[EventRounds "50"]

{[%evp 0,84,18,13,24,19,17,17,20,15,12,25,26,48,37,32767,34,38,33,21,32767,32767,43,4,9,-19,-23,32767,-25,-39,-32,-86,-51,32767,-16,-38,-35,-38,-34,32767,-9,-5,4,-27,32767,32767,46,43,63,56,67,29,53,55,121,31,32767,32767,36,33,32,17,-12,32767,-22,-140,-146,-113,-148,-120,-75,-27,-1,-1,32767,32767,-1,1,1,-1,1,-1,-1,1,-1,1,1]} 1. d4 Nf6 {Match Nr. 82 mit 120'/40 | Bediener: Rolf Bühler | Kommentator: Kurt Utzinger | 37. Partie: Remis | Zwischenstand: 21-16 für Mephisto Explorer Pro | Stand hypothetisch: 25-12 für Mephisto Explorer Pro | Eröffnung: Damenindisch, Nimzowitsch Variante 4...La6 | Buchzüge 4 (192) von Scorpio und 5 (154) von Mephisto Explorer Pro | Partieverlauf: Eine beidseits recht gut gespielte Partie mit üblichen, nicht entscheidenden Ungenauigkeiten. Nur einmal steht dem Scorpio 68000 sel. 4 das Glück bei. Ein falscher Schritt mit seinem König hätte das Aus bedeuten können. Doch findet der Mephisto Explorer Pro den zu tief versteckten Gewinnweg nicht. Eine dreifache Zugwiederholung führt zu einem gerechten Ergebnis.} 2. c4 e6 3. Nf3 b6 4. g3 Ba6 $11 {***ENDE BUCH***} 5. Qa4 $11 {***ENDE BUCH***} Be7 6. Bg2 O-O 7. Nc3 Bb7 8. O-O {Manchmal produzieren auch die übermächtigen Engines nur Blödsinn. So Stockfish 17.1, der hier 8.h4 als beste Fortsetzung postuliert.} ({Stockfish 17.1:} 8. h4 d5 9. cxd5 Nxd5 10. Nxd5 Bxd5 11. O-O Qe8 12. Qc2 Nc6 13. e4 Nb4 14. Qb1 Bc4 15. Rd1 c5 16. dxc5 Be2 17. Rd2 Bxf3 18. Bxf3 Bxc5 19. a3 Nc6 20. b4 Bd4 21. Raa2 Bf6 22. Bg4 Rd8 23. Rxd8 Qxd8 24. Rd2 Qc8 25. h5 Rd8 26. Rxd8+ Qxd8 27. Qc2 Nd4 28. Qd3 Qd7 29. f4 a5 30. bxa5 bxa5 31. Qc4 Nb5 32. Kg2 Qb7 33. Be2 Nd6 34. Qd3 Nf5 35. Bf3 Nd4 {[%eval 18,52] [%wdl 52,933,15]}) 8... c5 9. dxc5 bxc5 10. Bg5 (10. Rd1 d6 11. Bf4 Qb6 12. Qb5 Rd8 13. Rd2 Nbd7 14. Rad1 Ne8 15. b3 Qc7 16. Qa4 a6 17. Qa3 h6 18. Qc1 Ndf6 19. h3 g5 20. Be3 d5 21. cxd5 exd5 22. Nxg5 hxg5 23. Nxd5 Nxd5 24. Bxd5 Bxd5 25. Rxd5 Rxd5 26. Rxd5 Rd8 27. Rxd8 Qxd8 28. Bxc5 Qc8 29. Ba3 Qxc1+ 30. Bxc1 Nc7 31. Bd2 Kg7 32. Kf1 Nd5 33. e4 Nb4 34. Bc3+ Kg6 35. a3 Nc2 36. a4 f5 37. exf5+ Kxf5 38. Ke2 Ke4 39. f3+ Kd5 40. Kd3 Nb4+ 41. Ke3 Bc5+ 42. Ke2 Nc6 43. Kd3 Nb4+ 44. Ke2 Ke6 45. Bd2 Bd6 46. f4 gxf4 47. Bxf4 Bxf4 48. gxf4 Nd5 49. Kd3 Nxf4+ 50. Kc4 Kd6 51. Kb4 Nxh3 52. Ka5 Kc7 {½-½ Fridman,D (2628)-Niemann,H (2642) Bundesliga 2122 Germany 2022 (7.2)}) 10... Ne4 $146 {Keine schlechte Neuerung.} (10... d6 11. Rfd1 Nbd7 12. Qc2 a6 13. Rd2 Qc7 14. Rad1 Rfd8 15. b3 h6 16. Bxf6 Nxf6 17. Ne1 Rab8 18. Bxb7 Qxb7 19. Ng2 d5 20. cxd5 exd5 21. Qf5 d4 22. Na4 Rbc8 23. Nf4 Bf8 24. Rc2 Ne4 25. Nd3 Re8 26. Qf3 Qb5 27. Ndb2 Ng5 28. Qg4 Rcd8 29. Nc4 Re4 30. f4 Rde8 31. h4 Nh7 32. Qf3 Nf6 33. h5 Qd7 34. Kg2 Qf5 35. Rd3 Nxh5 36. Ne5 Nxf4+ 37. gxf4 Rxf4 38. Qxf4 Qxf4 39. Nf3 Bd6 40. Nb2 Re3 41. Rxe3 dxe3 42. Nd1 g5 43. Rc4 Qg3+ 44. Kf1 Qh3+ {0-1 Vidarte Morales,A (2413)-Urday Caceres,H (2486) Lima op g25 rapid 1999 (8)}) 11. Nxe4 Bxe4 $11 12. Bf4 {Mindestens gleichwertige Alternativen sind:} (12. Bxe7 Qxe7 13. Rad1 d6 14. Nh4 Bxg2 15. Nxg2 a5 $11) (12. Ne1 Bc6 13. Bxe7 Qxe7 14. Bxc6 Nxc6 $11) (12. Ne5 Bxg2 13. Bxe7 Qxe7 14. Kxg2 d6 $11) 12... Qb6 13. Qa3 Bf6 {Doppelangriff auf b2. Auf den ersten Blick gibt es für Weiss keine Verteidigung dagegen. Dem ist indessen nicht so, auch wenn gewisse Varianten viel zu tief sind für unsere Oldies.} 14. Qe3 {Weiss setzt auf Gegenangriff, der Läufer soll von der Diagonale h7-b1 verschwinden, so dass ein weisser Turm nach b1 gehen kann. Eine gute Alternative ist 14.Tad1, s. Varianten.} (14. Rad1 Bxb2 (14... Qxb2 15. Qxb2 Bxb2 16. Bxb8 Raxb8 17. Rxd7 $11) 15. Qe3 d5 16. Rb1 Bxb1 17. Rxb1 Bd4 18. Qd3 Qa6 19. cxd5 Qxd3 20. exd3 e5 21. Bxe5 Bxe5 22. Nxe5 Na6 $11) 14... d5 (14... Bb7 15. Rac1 $1 {und falls} Bxb2 $2 {gewinnt Weiss} ({besser} 15... Na6 $11 {oder 15...d6 bzw. 15...Td8, alles mit Ausgleich}) 16. Rb1 d5 ({oder} 16... Nc6 17. Qd2 $18) ({bzw.} 16... Na6 17. Be5 $18) 17. Qd2 Nd7 18. Qxb2 $18) (14... Bg6 $2 {ist schlecht} 15. Ne5 $18 {und Weiss gewinnt}) (14... Bc2 $2 {ebenfalls schlecht} 15. Ne1 $18 {und Weiss gewinnt}) 15. cxd5 exd5 16. Be5 $6 {Hier ist 16.Tad1 präziser.} ({PROMENADE-avx2:} 16. Rad1 {= -0.22(48%)/54} Rd8 17. Bh3 Na6 18. Be5 Bxf3 19. Bxf6 Qxf6 20. Qxf3 Qxf3 21. exf3 Nb4 22. Ra1 Rab8 23. b3 d4 24. Rfc1 d3 25. Rxc5 Nxa2 26. Bf1 Nb4 27. Rd1 g6 28. f4 Kg7 29. Rc4 a6 30. Rc5 Rb6 31. Rd2 Rdd6 32. Rd1 Rb7 33. Rd2 Rdd7 34. Rd1 Rd4 35. Rd2 Re7 36. Rc1 Rdd7 37. Rcd1 Rd5 38. Rc1 Red7 39. Rc4 a5 40. Bg2 Rd4 41. Rc5 Re7 42. Bf1 Re1 43. Rxa5 Rc1 {[%eval -22,54] [%wdl 7,954,39]}) 16... Bxe5 $11 {Mit 16...Le7 hätte Schwarz leichten Vorteil erhalten.} 17. Nxe5 Bxg2 18. Kxg2 Re8 19. Qc3 f6 20. Nd3 Nd7 (20... Rxe2 {geht auch} 21. Nxc5 Nc6 (21... Qxb2 $4 22. Qf3 $1 $18) (21... Rxb2 $4 22. Na4 $18) 22. Qd3 Rae8 (22... Qxb2 $4 23. Qxd5+ $18) 23. Rac1 Qd8 (23... Qxb2 $4 24. Qxd5+ $18) 24. Na4 $11) 21. e3 Qc6 22. Kg1 Re4 23. Rad1 Rae8 24. Nf4 Nb6 25. Rd4 Na4 26. Qc2 $14 Nb6 $2 $16 {Stört das Gleichgewicht zugunsten von Weiss.} (26... Rxd4 $1 27. exd4 c4 $14) 27. Rc1 $14 {Verpasst die Chance für realen Vorteil.} (27. Rxe4 dxe4 28. Rc1 Rd8 29. b3 (29. Qxc5 $4 Rd1+ $19) 29... Rc8 30. a4 $16) 27... Rxd4 28. exd4 c4 29. b3 Re4 {Vielleicht sind ...Db5 oder ...Dd7 etwas genauer für den völligen Ausgleich.} 30. f3 Re8 31. bxc4 dxc4 {[#]} 32. Kg2 $2 $19 {[%mdl 32768] Der Keim des ***VERLUSTS*** trägt diese sträfliche Nachlässigkeit in sich. Der König stellt sich in die Diagonale der schwarzen Dame auf c6, so dass nun der Angriff mit g7-g5 und allenfalls g4 möglich wird.} (32. Kf2 $1 g5 33. Ng2 $11 {und alles ist im Lot, zudem auch das Einbruchsfeld e3 überdeckt wird.}) 32... g5 $1 33. Nh5 {Auch Alternativen retten nicht mehr.} Nd5 $1 {Riesenstark und deutlich besser als 33...g4, was zu voreilig wäre.} 34. Kg1 Ne3 $1 {Jeder Zug des Mephisto Explorer Pro sitzt. Aber 34...c3 war ebenfalls stark.} 35. Qe2 c3 $2 {Noch immer in Gewinnstellung findet der Mephisto Explorer Pro den richtigen Weg nicht und muss sich wieder mit Ausgleich begnügen. Stockfish 17.1 zeigt einen möglichen Gewinnweg für Schwarz, aber natürlich viel zu tief für unsere Oldies.} ({Stockfish 17.1:} 35... Kf8 36. f4 h6 37. g4 Kf7 38. Qb2 Qf3 39. fxg5 hxg5 40. Ng3 Qxg4 41. d5 Qf3 42. d6 Re5 43. Qf2 Qxf2+ 44. Kxf2 Ke6 45. d7 Kxd7 46. Ke2 Kd6 47. Kf3 a5 48. Rb1 Nf5 49. Ne4+ Kc6 50. Nxf6 Nd4+ 51. Kg4 c3 52. h3 c2 53. Rc1 a4 54. Kh5 a3 55. Kg6 Re2 56. Kxg5 {[%eval -477,41] [%wdl 0,0,1000]}) 36. Rxc3 Qxc3 37. Nxf6+ Kf7 38. Nxe8 Qc1+ {Damit erzwingt Schwarz eine dreifache Zugwiederholung.} 39. Kf2 Nd1+ 40. Kg2 (40. Kg1 $4 Nc3+ 41. Qf1 Qxf1+ 42. Kxf1 Kxe8 $17) 40... Ne3+ 41. Kf2 (41. Kh3 {geht gerade noch, aber es ist Weiss, der ums Remis kämpfen muss.} Qc8+ 42. g4 Qxe8) 41... Nd1+ 42. Kg2 Ne3+ 43. Kf2 {***3x REMIS***} 1/2-1/2

[Event "Match 82__120'/40"]
[Site "Zürich"]
[Date "2025.??.??"]
[Round "38"]
[White "Mephisto Explorer Pro"]
[Black "Scorpio 68000 sel. 4"]
[Result "0-1"]
[Annotator "21-17 for Explorer"]
[WhiteElo "2016"]
[BlackElo "2043"]
[WhiteFideId "-1"]
[BlackFideId "-1"]
[PlyCount "100"]
[GameId "545686508830"]
[EventDate "2025.10.05"]
[EventType "match"]
[EventRounds "50"]

{[%evp 0,100,10,4,2,0,15,-9,-1,-7,24,9,19,24,28,16,24,19,19,15,42,37,37,36,35,25,29,-34,-47,-35,6,-3,32767,0,2,-11,-16,-7,-34,-32,-15,-34,-16,-45,-43,-36,-6,-5,11,-17,20,19,9,19,40,39,42,-4,4,-20,-1,0,4,-27,-32,-28,157,32767,216,206,130,192,159,216,185,156,167,239,313,199,140,80,78,1,29,1,-1,-1,-1,1,-1,-95,-227,32767,32767,32767,-29994,-29995,-29996,-29997,-29998,-29999,-29999]} 1. c4 e5 {Match Nr. 82 mit 120'/40 | Bediener: Rolf Bühler | Kommentator: Kurt Utzinger | 38. Partie: Schwarz (Scorpio 68000 sel. 4) gewinnt | Zwischenstand: 21-17 für Mephisto Explorer Pro | Stand hypothetisch: 25-13 für Mephisto Explorer Pro | Eröffnung: Englisch, Vierspringer Variante | Buchzüge 2 (194) von Scorpio und 2 (156) von Mephisto Explorer Pro | Partieverlauf: In einem spannenden Kampf hat für einmal wieder der Novag Scorpio 68000 sel. 4 die Nase vorn. Das Programm von David Kittinger hätte bereits nach 14.Sd5? frühzeitig eine Gewinnstellung erhalten können. Diese einmalige Chance wird indessen nicht gepackt. Stattdessen erlaubt sich Schwarz mit 32...f5? selbst einen Zug, der verlieren sollte. Nun zeigt sich aber das Programm von Frans Morsch gnädig, indem es den Gewinn ebenfalls vermasselt. So geht der komplizierte Kampf weiter. Später entsteht eine Stellung mit beidseits gefährdeten Königen, so dass man jederzeit für einen Spieler das Schlimmste befürchten musste. Vor die Wahl gestellt, auf f8 einen Turm einzuheimsen oder vorerst den schwarzen König mit Dg7+ auf das Feld h5 zu zwingen, trifft der Mephisto Explorer Pro mit dem Damenschach die falsche Wahl. Es zeigt sich erstaunlicherweise, dass gerade der nach h5 gelockte schwarze König dem Scorpio 68000 sel. 4 einen unerwarteten Mattangriff gegen Weiss in 9 Zügen ermöglicht.} 2. Nc3 $11 {***ENDE BUCH***} Bb4 $11 {***ENDE BUCH***} 3. Qa4 (3. Nd5 {ist die einzige Fortsetzung, die Weiss etwas verspricht.} Be7 4. Nf3 d6 5. g3 Nf6 6. Nc3 c5 7. Bg2 Nc6 8. O-O Be6 9. d3 h6 $11 {½-½ Abdusattorov,N (2771)-Vachier Lagrave,M (2736) Sinquefield Cup 12th Saint Louis 2025 (6)}) 3... Nc6 4. Nf3 Be7 5. d3 d6 6. g3 Nf6 7. Bg2 Bd7 {Natürlicher war die kurze Rochade, zumal noch nicht klar ist, wo dieser Läufer am zweckmässigsten positioniert wird.} 8. Qb3 {Das übliche, aber selten wirklich gute Damenmanöver unserer Oldies. Der angegriffene b7-Bauer darf selten geschlagen werden. Und die Dame auf b3 hindert bzw. verzögert den systemgerechten Aufbau mit a2-a3 gefolgt von b2-b4.} O-O {Zu Recht negiert Schwarz den fehlerhaften Einschlag auf b7.} 9. O-O {Aber Weiss geht nicht in die Falle.} (9. Qxb7 $4 Rb8 10. Qa6 Nb4 11. Qxa7 Nc2+ 12. Kd1 Nxa1 $19 {und gewinnt}) 9... Na5 {Das stellt den Springer auf ein schlechteres Feld und erlaubt Weiss, seinen Missgriff 8.Db3 zu reparieren. Sinnvollere Alternativen waren 9...a6 oder 9...Dc8 bzw. 9...Tb8.} 10. Qd1 Nc6 {Reumütige Rückkehr mit Weiss am Zug ohne seine Dame auf dem dummen Feld b3. Schwarz hat also ein Tempo verloren.} 11. b3 Qc8 12. Ba3 {Eher würde man den Läufer auf b2 erwarten.} Bh3 13. Bxh3 {Nachlässig gespielt, die gegnerische Dame dem weissen König vor die Nase zu setzen.} Qxh3 $11 {[#]} 14. Nd5 $2 $19 {[%mdl 32768] Das ***VERLIERT*** bzw. sollte verlieren.} Nxd5 $2 $11 {Schwarz verpasst seine ihm offerierte Chance.} ({PROMENADE-avx2:} 14... Ng4 15. Ne3 f5 16. Nxg4 fxg4 17. Nd2 Rf7 18. Bb2 Raf8 19. f3 Bg5 20. Ne4 Be3+ 21. Kh1 Ne7 22. Nf2 Bxf2 23. Rxf2 Nf5 24. Kg1 h5 25. Qf1 Qxf1+ 26. Raxf1 Ne3 27. Rb1 gxf3 28. Rxf3 Rxf3 29. exf3 Rxf3 30. d4 exd4 31. Bxd4 b6 32. Bxe3 Rxe3 33. Kf2 Rc3 34. Rb2 g5 35. Kf1 Re3 36. Kf2 Re5 37. h3 Kf7 38. Kf3 Ke6 39. Rc2 a5 40. Rc1 c6 41. a4 Rf5+ 42. Ke4 Rf2 43. Re1 Rh2 44. Kf3+ Kd7 45. Re4 Rxh3 46. Kg2 g4 47. Rf4 h4 48. gxh4 Rxh4 49. Rf7+ Ke6 50. Rb7 Rh3 51. Rxb6 c5 52. Rb7 {[%eval -266,45] [%wdl 0,2,998]}) 15. cxd5 Nb8 16. Rc1 {Druck auf der c-Linie.} c5 17. dxc6 Nxc6 {Das ist besser als mit dem Bauern schlagen.} 18. Re1 {Weiss findet keinen vernünftigen Plan.} (18. b4 a6 19. Qb3 Rfe8 20. Bb2 $11) (18. Bb2 a5 19. a3 h5 20. e4 $11) 18... Rac8 19. Qd2 Rfe8 20. Bb2 Bd8 {Der Läufer sieht eine schönere Diagonale.} 21. Red1 Ba5 22. Bc3 Bxc3 23. Rxc3 d5 24. Rdc1 f6 25. d4 e4 26. Ne1 Red8 27. Ng2 g5 28. f4 h6 29. a3 Kh8 30. b4 a6 31. e3 Kg7 32. a4 f5 $2 $18 {[%mdl 32768] Das ***VERLIERT***} (32... Ne7 33. Rc5 b6 34. Rc7 Rxc7 35. Rxc7 Rd7 $11) 33. b5 $1 axb5 34. axb5 Ne7 35. Rc7 Rxc7 36. Rxc7 $18 {[#] Eine klare Gewinnstellung für Weiss, der bei besserer Stellung den b7-Bauer erobert und dann mit Turm, Dame auf b4 und seinem Freibauer am Damenflügel böse wüten kann. Eine traurige Rolle spielt die abseits stehende schwarze Dame, die nicht mehr rechtzeitig helfen kann.} Kf6 37. Qb4 Ng8 38. Qc5 Kg6 39. Qb6+ Nf6 40. Qe6 $2 $11 {Mit diesem Fehler wirft Weiss seine gewonnene Stellung weg.} (40. Qxb7 Rg8 41. b6 Qh5 42. Rc1 Qe2 43. h3 Qb2 44. Rc6 Qa1+ 45. Kh2 Qa8 46. Qc7 Rg7 47. Qd6 Rf7 48. Qxd5 $18) 40... Rf8 41. Rxb7 Qg4 42. h3 Qxh3 43. Qe7 Qg4 44. Kh2 Qe2 $11 {[#]} 45. Qg7+ $2 $19 {[%mdl 32768] ***VERLIERT***, weil der schwarze König nach h5 gezwungen wird, was Schwarz einen Mattangriff erlaubt.} (45. Qxf8 $1 Ng4+ 46. Kh3 (46. Kg1 Qf2+ 47. Kh1 Qf1#) 46... Nf2+ 47. Kh2 Ng4+ {und Schwarz hat Dauerschach.}) 45... Kh5 46. Qxf8 Kg4 47. Qxh6 Kf3 48. Qh3 Ng4+ 49. Qxg4+ {erzwungen} (49. Kg1 Qf2+ 50. Kh1 Qf1#) 49... fxg4 50. fxg5 Qxg2# 0-1

[Event "Match 82__120'/40"]
[Site "Zürich"]
[Date "2025.??.??"]
[Round "39"]
[White "Scorpio 68000 sel. 4"]
[Black "Mephisto Explorer Pro"]
[Result "1/2-1/2"]
[Annotator "21,5-17,5 for Explorer"]
[WhiteElo "2043"]
[BlackElo "2016"]
[WhiteFideId "-1"]
[BlackFideId "-1"]
[PlyCount "189"]
[GameId "546277267315"]
[EventDate "2025.10.05"]
[EventType "match"]
[EventRounds "50"]

{[%evp 0,189,10,22,21,27,12,16,29,9,37,49,50,39,45,39,59,27,39,21,12,14,53,22,59,49,84,80,62,38,54,59,41,35,52,16,31,26,35,-52,21,13,1,-25,18,45,48,46,44,48,43,33,48,30,41,59,47,72,67,65,60,64,83,40,54,79,42,24,45,1,51,64,56,53,103,74,100,85,85,63,50,42,29,34,24,32767,19,32,21,1,2,-1,1,0,168,-1,-1,1,209,17,190,45,42,6,170,145,195,162,160,192,189,179,175,150,151,155,74,113,141,132,135,97,71,134,59,100,97,96,82,66,125,99,91,96,73,140,98,86,66,143,100,93,78,52,44,128,74,104,65,113,48,81,1,142,91,94,80,31,31,71,58,1,1,1,1,30,1,53,1,1,1,1,1,1,1,1,1,1,1,84,1,1,1,1,1,1,1,44,1,1,1,88]} 1. e4 e5 {Match Nr. 82 mit 120'/40 | Bediener: Rolf Bühler | Kommentator: Kurt Utzinger | 39. Partie: Remis | Zwischenstand: 21,5-17,5 für Mephisto Explorer Pro | Stand hypothetisch: 25-14 für Mephisto Explorer Pro | Eröffnung: Spanisch, Steinitz Verteidigung | Buchzüge 7 (201) von Scorpio und 5 (161) von Mephisto Explorer Pro | Partieverlauf: Diese Partie hätte der im Rückstand liegende Scorpio 68000 sel. 4 gewinnen müssen. Denn der Mephisto Explorer Pro schwächelt in allen Phasen. Aber das Programm von David Kittinger verspielt alle Chancen und das auch mehrmals im Turmendspiel. Mit dem Remis darf sich also der Mephisto Explorer Pro also glücklich schätzen.} 2. Nf3 Nc6 3. Bb5 Nf6 4. O-O d6 5. d4 Bd7 $14 {***ENDE BUCH***} 6. Nc3 exd4 7. Nxd4 $14 {***ENDE BUCH***} Nxd4 8. Qxd4 Be7 9. Bg5 Bxb5 10. Nxb5 $11 Qd7 $6 $14 {ungenau} 11. Nc3 (11. e5 $1 Qxb5 12. exf6 Qxg5 13. fxe7 Kxe7 14. Qe4+ Kd7 15. Qxb7 $14) 11... O-O $6 (11... h6 $1 12. Bh4 Qg4 13. Bg3 O-O $11) 12. e5 $16 c5 $2 {Danach kommt Weiss deutlich besser zu stehen; 12...Se8 ist eine sinnvollere Verteidigung.} 13. Qd2 {+- (1.26)} ({noch besser} 13. Qd3 {+- (1.86) (99% +99% =2% -0%) Tiefe: 44/67}) 13... Ne8 $16 14. Rfd1 $2 $11 {Minderwertig als 14.Lf4 oder 14.f4, wonach Weiss weiterhin deutlich besser stünde.} Bxg5 15. Qxg5 f6 {Beseitigt den lästigen e5-Bauer und aktiviert den Turm auf der halboffenen f-Linie.} 16. exf6 Nxf6 17. Rd2 Rae8 18. Rad1 Re6 19. Qg3 Qe7 20. f3 Rd8 21. a3 Nh5 {Auch mit der komplizierten Variante 21...d5! konnte Schwarz den Ausgleich wahren.} 22. Nd5 Nxg3 23. Nxe7+ Rxe7 24. hxg3 Re6 25. Rd5 b6 26. Kf2 Kf7 $11 27. f4 Rde8 28. R1d2 (28. Rxd6 Re2+ $11) 28... Ke7 29. g4 Rf6 30. g3 $11 a6 $2 $16 {Schwarz sollte den Vorstoss g4-g5 nur unter Bauerntausch zulassen.} (30... h6 31. g5 hxg5 32. Rxg5 Kf7 $11) 31. f5 $11 {Damit stösst Weiss den falschen Bauern vor.} Ref8 32. Ke3 h5 33. gxh5 Rxf5 34. b3 Re5+ 35. Rxe5+ dxe5 36. Ke4 Ke6 37. Rd5 {[#]} Rf5 $2 $18 {[%mdl 32768] ***VERLIERT*** Der erste einer Reihe von teilweise entscheidenden Fehlern.} 38. Rd7 $2 {Weiss verpasst den Gewinn.} (38. Rd6+ Kxd6 39. Kxf5 Kd5 40. g4 Kd4 41. g5 $18) 38... Rxh5 39. Rb7 b5 40. Rxg7 Rh2 41. Rg6+ Kd7 42. Rxa6 c4 43. bxc4 bxc4 44. c3 Rc2 45. Kxe5 Rxc3 46. Kd5 Rc1 $2 $18 {[%mdl 32768] Das ***VERLIERT*** für Schwarz, der nicht erkennen kann, dass ...Txg3, Kxc4 Remis ist.} (46... Rxg3 47. Ra7+ Kc8 48. Kxc4 $11 {und diese Stellung ist klar Remis.}) 47. Ra7+ $2 {Weiss packt seine Chance nicht.} (47. Rd6+ $1 {Der einzige Zug, der gewinnt.} Ke7 48. Re6+ Kf7 49. Re3 c3 50. Kd4 c2 51. Kc3 Kg7 52. Kb2 Ra1 53. Kxc2 $18) 47... Kc8 48. Kd4 $11 Kb8 $18 {[%mdl 32768] ***VERLIERT*** wieder, weil der weisse g-Bauer auf dem Brett bleibt.} (48... Rg1 {Remis macht} 49. Kxc4 (49. Rg7 Ra1 $11) 49... Rxg3 $11) 49. Rg7 $2 $11 {Auf einen Schlag vernichtet Weiss seine gewonnene Stellung zum Remis. Dabei hätte der Scorpio 68000 sel. 4 einfach ein Feld wählen müssen wie e7 oder f7, wo er seine Bauern auf e3 oder f3 decken könnte. Danach wird auch der schwarze c-Bauer noch fallen.} (49. Rf7 c3 50. Rf3 c2 (50... Kb7 51. Rxc3) 51. Kc3 Ka7 52. Kb2 Ra1 53. Kxc2 $18) 49... Ka8 $18 {[%mdl 32768] Stolpert erneut in den ***VERLUST***} (49... c3 $1 50. g4 c2 51. Kc3 Ra1 52. Kxc2 Rxa3 $11 {mit bekannter Remis-Stellung}) 50. g4 $2 $11 {Wie schon bekannt, führen 50.Tf7 oder 50.Te7 zum Sieg für Weiss.} c3 $1 {Der einzige Zug, der Remis macht.} 51. g5 $11 Kb8 $2 $18 {[%mdl 32768] Das ***VERLIERT*** wieder, weil die bisher vorgestellte Verteidigung nicht mehr genügt.} (51... c2 52. Kc3 Ra1 53. Kxc2 Rxa3 $11 {Remis}) 52. g6 ({auch} 52. Kd3 {gewinnt} c2 53. g6 Ra1 54. Kxc2 Rxa3 55. Rf7 $1 Ra2+ 56. Kb3 Rg2 57. g7 Rg3+ 58. Kc4 Rg4+ 59. Kd5 Rg5+ 60. Ke6 Rg6+ 61. Kf5 Rg1 62. Rf8+ Kb7 63. g8=Q) 52... Ra1 53. Kd3 Ra2 54. Rg8+ Kb7 $18 55. g7 $2 $11 {Weiss vergibt den Sieg.} (55. Kxc3 Rxa3+ 56. Kd4 Ra5 57. Ke4 Rg5 58. Kf4 Rg1 59. Ke5 Kc6 60. Kf6 Rf1+ 61. Kg7 Kd6 62. Rh8 Ra1 63. Rh4 Ra7+ 64. Kf6 Ra1 65. Rf4 Ra8 66. g7 Kc5 67. Kg6 Rd8 68. Rf8 $18) 55... Rg2 (55... Rxa3 56. Rf8 $18) 56. Kxc3 {[#]Ein klassisches Beispiel, wo zwei Mehrbauern im Turmendspiel nicht genügend sind für den Gewinn. Hier ist der weisse Turm an die Deckung seines Bauern g7 gebunden. Und solange der schwarze König auf a7 oder b7 bleibt, ist der weisse Turm zur Unbeweglichkeit verdammt. Der weisse König vermag seinem g7-Bauern nicht zu helfen, weil er sich den Schachgeboten des gegnerischen Turms von hinten nicht entziehen kann. Überhaupt keine Rolle spielt der weisse Freibauer auf der a-Linie. Dieser kann zwar bis nach a6 vorwärts marschieren, aber der schwarze König bleibt auf a7. Und auch hier kann der weisse König nichts tun, um zu helfen, weil er am Damenflügel ebenfalls kein Versteck vor gegnerischen Turmschachs finden wird. Die schwarze Verteidigung ist einfach: Der schwarze Turm bewegt sich dauernd auf der g-Linie, ansonsten Weiss mit Tb8+ oder Ta8+ nebst g8D gewinnt. Der schwarze König verharrt auf a7 oder b7, denn geht er beispielsweise nach c7, so folgt der Turmschwenk Tg8-a8 und ...Txg7 scheitert an Ta7+ nebst Eroberung des Turms auf g7.} Rg3+ 57. Kd4 Rg4+ 58. Ke5 Rg1 59. a4 Re1+ 60. Kd4 Rd1+ 61. Ke4 Re1+ 62. Kf3 Rg1 63. a5 Rg6 64. Kf4 Ka7 65. Kf5 Rg2 66. Kf6 Rf2+ 67. Ke5 Rg2 68. Ke6 Kb7 69. Kf6 Rf2+ 70. Kg5 Rg2+ 71. Kf4 Ka7 72. Ke5 Re2+ 73. Kd6 Rg2 74. Ke7 Re2+ 75. Kf7 Rf2+ 76. Kg6 Rg2+ 77. Kf5 Kb7 78. Ke6 Re2+ 79. Kd5 Rg2 80. a6+ Ka7 81. Ke6 Re2+ 82. Kf6 Rf2+ 83. Ke5 Rg2 84. Kd5 Rg6 85. Kc5 Rg4 86. Kd6 Rg5 87. Ke6 Rg1 88. Kf6 Rf1+ 89. Kg5 Rg1+ 90. Kh6 Rh1+ 91. Kg6 Rg1+ 92. Kf5 Rf1+ 93. Ke5 Rg1 94. Kd4 Rg2 95. Ke3 1/2-1/2